Jurisprudencia civil y comercial de la Corte de Apelaciones de Valparaíso, Chile

Saved in:
Bibliographic Details
Main Authors: Escobar Cerda, Ricardo (Author), Muñoz Rodríguez, Fidel (Author)
Format: Book
Language:Spanish
Published: Valparaíso Gillet 1901
Subjects:
Tags: Add Tag
No Tags, Be the first to tag this record!

MARC

LEADER 00000nam a2200000 a 4500
001 UCR5168
003 CL-VaPUC
008 980320e19010000CL |||||||||||||||||spa|d
082 0 4 |a 347.01  |b ESC  |2 21 
100 0 |a Escobar Cerda, Ricardo  |e author  |9 405966 
700 0 |a Muñoz Rodríguez, Fidel  |e author  |9 405967 
245 1 0 |a Jurisprudencia civil y comercial de la Corte de Apelaciones de Valparaíso, Chile 
300 |a 2 t 
942 |c BK 
945 |d 19980320 00:00:00  |a cmena 
260 |a Valparaíso  |b Gillet  |c 1901 
500 |a Donación del padre Enrique Pascal García Huidobro 
500 |a t.1: 1892-1901 
500 |a t.2: 1§ de Enero de 1901 a 1§ de Enero de 1902 
600 0 7 |a CORTE DE APELACIONES DE VALPARAISO  |2 CL-VaPUC  |9 405968 
650 0 |a Código orgánico de tribunales  |9 256731 
650 0 |a Poder judicial  |9 254871 
650 0 |a Jurisprudencia  |9 255952 
650 0 |a Derecho constitucional   |9 222588 
651 7 |a CHILE  |2 CL-VaPUC  |9 405969 
651 0 |a Valparaíso, Chile  |9 261144 
583 |a last modification  |c 19980320 00:00:00  |k Rodrigo Vera 
999 |c 267892  |d 267890 
952 |0 0  |1 0  |4 0  |6 347_010000000000000_ESC_1901  |7 0  |8 X  |9 300688  |a BIBDER  |b BIBDER  |d 2019-11-20  |h t.1  |i 1960903  |o 347.01 ESC 1901  |p 1960903  |r 2019-11-20  |w 2019-11-20  |y BK_X  |k DER 
952 |0 0  |1 0  |4 0  |6 347_010000000000000_ESC_1901  |7 0  |8 X  |9 300689  |a BIBDER  |b BIBDER  |d 2019-11-20  |h t.1  |i 1960970  |o 347.01 ESC 1901  |p 1960970  |r 2023-01-25  |w 2019-11-20  |y BK_X  |k DER 
952 |0 0  |1 0  |4 0  |6 347_010000000000000_ESC_1901  |7 0  |8 X  |9 300690  |a BIBDER  |b BIBDER  |d 2019-11-20  |h t.1-2  |i 1960989  |o 347.01 ESC 1901  |p 1960989  |r 2023-01-25  |w 2019-11-20  |y BK_X  |k DER 
952 |0 0  |1 0  |4 0  |6 347_010000000000000_ESC_1901  |7 0  |8 X  |9 300691  |a BIBDER  |b BIBDER  |d 2019-11-20  |h t.2  |i 1960997  |o 347.01 ESC 1901  |p 1960997  |r 2023-01-25  |w 2019-11-20  |y BK_X  |k DER 
952 |0 0  |1 0  |4 0  |6 347_010000000000000_ESC_1901  |7 0  |8 X  |9 300692  |a BIBDER  |b BIBDER  |d 2019-11-20  |h t.2  |i 1960954  |o 347.01 ESC 1901  |p 1960954  |r 2023-01-25  |w 2019-11-20  |y BK_X  |k DER 
952 |0 0  |1 0  |4 0  |6 347_010000000000000_ESC_1901  |7 0  |8 X  |9 300693  |a BIBDER  |b BIBDER  |d 2019-11-20  |h t.2  |i 196500K  |o 347.01 ESC 1901  |p 196500K  |r 2023-01-25  |w 2019-11-20  |y BK_X  |k DER